| 000 | 01108nam a2200313 a 4500 | ||
|---|---|---|---|
| 001 | 000111670 | ||
| 003 | CHAP | ||
| 005 | 20220329144224.0 | ||
| 008 | 150625s2015 mx sm |||||||spa d | ||
| 010 | _a108131 | ||
| 011 | _a109103 | ||
| 040 | _cCHAP | ||
| 090 | _aTesis | ||
| 100 | 1 |
_aSánchez González, Eduardo _9129608 |
|
| 245 | 1 | 0 |
_aDosis respuesta de Bidens pilosa a glifosato en cítricos _h[En línea] _cpor Eduardo Sánchez González. |
| 260 |
_aChapingo, Méx. : _bEl autor, _c2015. |
||
| 500 | _aPara ver el contenido del material haga clic en la liga | ||
| 502 | _aTesis (Ing. Agr. Esp. en Parasitología Agrícola ) -- UACH. Departamento de Parasitología Agrícola | ||
| 590 |
_aE11695DGD _b10 _c20150713 _lUCH01 _h1344 |
||
| 590 |
_aE5765TAJ _b05 _c20150625 _lUCH01 _h1251 |
||
| 590 |
_aE5765TAJ _b05 _c20150625 _lUCH01 _h1252 |
||
| 650 | 1 | 4 |
_aCítricos _xMalas hierbas. _924446 |
| 650 | 1 | 4 |
_aGlifosato. _948283 |
| 650 | 1 | 4 |
_aMalas hierbas _xControl. _970011 |
| 856 |
_aFinding aid _uhttp://10.13.5.2/tesis/sist111670.pdf _zTeclea aquí |
||
| 901 | _aBK | ||
| 942 | _cTESIS | ||
| 942 | _n0 | ||
| 999 |
_c108131 _d108131 |
||